000
00330nam a22001577a 4500
003
SGT
020
_a
978-81-901774-0-0
082
_a
611.018
_b
H13T
100
_a
TONDON, B.K
245
_a
TEXT BOOK OF HISTOLOGY
250
_a
2ND
260
_a
DELHI
_b
AHUJA PUB
_c
2013
300
_a
195
650
_a
PHARMACY
942
_2
ddc
_c
BK
999
_c
11066
_d
11066